| 000 | 00858nmc a2200301 a 4500 | ||
|---|---|---|---|
| 003 | AR-BaBNM | ||
| 005 | 20251128211804.0 | ||
| 008 | 146020s2005 ||||||||||||||000 | spa|| | ||
| 020 | _a84-7278-313-8 | ||
| 040 | _cAR-BaBNM | ||
| 100 | 1 | _aGalindo Galindo, Antonio | |
| 245 | 1 | 0 |
_aCómo sobrevivir en el aula _bguía emocional para docentes |
| 260 |
_a[Madrid?] _bICCE _c2005 |
||
| 300 | 0 | _a135 p. | |
| 490 | 0 | _aEstrategias educativas | |
| 504 | _aContiene referencias bibliográficas | ||
| 650 | 4 | _aROL DEL DOCENTE | |
| 650 | 4 | _aCONDICIONES DE TRABAJO DEL DOCENTE | |
| 650 | 4 | _aEMOCIONES | |
| 650 | 4 | _aAUTOESTIMA | |
| 650 | 4 | _aAUTORIDAD DEL DOCENTE | |
| 650 | 4 | _aRELACION ALUMNO-DOCENTE | |
| 650 | 4 | _aRELACION PADRES-DOCENTE | |
| 650 | 4 | _aACTITUD DEL DOCENTE | |
| 653 | 0 | _aESTRATEGIAS EDUCATIVAS | |
| 942 | _cBK | ||
| 998 | _cme-solo cat | ||
| 999 |
_c21117 _d21117 |
||